<The> Impact of other cultures on national culture

Vyskytujú sa obdobia, keď sú určité skupiny či sily schopné do veľkej miery ovplyvňovať istú kultúru. Kultúrna jedinečnosť napriek tomu pretrváva vďaka jedinečnej histórii tej ktorej kultúry alebo pre iné možnosti. Kultúry sú vnútorne diverzifikované či pluralitné a môžeme o nich uvažovať z hľadiska...

Ausführliche Beschreibung

Gespeichert in:
Bibliographische Detailangaben
1. Verfasser: Vehnerová, Eva
Format: Buchkapitel
Sprache:Englisch
Schlagworte:
Tags: Tag hinzufügen
Keine Tags, Fügen Sie das erste Tag hinzu!

MARC

LEADER 00000naa$a2200000$$$4500
001 0160088
005 20240502072759.4
041 0 |a eng 
044 |a SK 
245 1 0 |a <The> Impact of other cultures on national culture  |c Eva Vehnerová 
520 |a Vyskytujú sa obdobia, keď sú určité skupiny či sily schopné do veľkej miery ovplyvňovať istú kultúru. Kultúrna jedinečnosť napriek tomu pretrváva vďaka jedinečnej histórii tej ktorej kultúry alebo pre iné možnosti. Kultúry sú vnútorne diverzifikované či pluralitné a môžeme o nich uvažovať z hľadiska neustáleho rozvoja. 
610 2 0 |a kultúra 
610 2 0 |a spoločnosť 
610 2 0 |a civilizácia 
610 2 0 |a vývoj 
610 2 0 |a komunikácia multikultúrna 
100 1 |a Vehnerová, Eva